Southville International School and Colleges
Your cart is empty.
  • Cart
  • Lists
    Public lists Eva Luna New books Lux_list list_1
    Your lists Log in to create your own lists
  • Log in to your account
  • Your cookies
  • Search history
Southville International School and Colleges
  • Advanced search
  • Recent comments
  • Most popular
  • Libraries

Log in to your account

Log in with GOOGLE


If you do not have an external account, but do have a local account, you can still log in:

  1. Home
  2. MARC view: The innovator's toolkit :
Normal view MARC view ISBD view

The innovator's toolkit : (Record no. 275895)

[ view plain ]
MARC details
000 -LEADER
fixed length control field 01791cam a2200361 a 4500
001 - CONTROL NUMBER
control field 15496859
005 - DATE AND TIME OF LATEST TRANSACTION
control field 20140926095429.0
008 - FIXED-LENGTH DATA ELEMENTS--GENERAL INFORMATION
fixed length control field 081024s2009 maua b 001 0 eng
010 ## - LIBRARY OF CONGRESS CONTROL NUMBER
LC control number 2008044734
015 ## - NATIONAL BIBLIOGRAPHY NUMBER
National bibliography number GBA8D4353
Source bnb
016 7# - NATIONAL BIBLIOGRAPHIC AGENCY CONTROL NUMBER
Record control number 014837140
Source Uk
020 ## - INTERNATIONAL STANDARD BOOK NUMBER
International Standard Book Number 9781422199909 (pbk. : alk. paper)
020 ## - INTERNATIONAL STANDARD BOOK NUMBER
International Standard Book Number 1422199908 (pbk. : alk. paper)
035 ## - SYSTEM CONTROL NUMBER
System control number (OCoLC)ocn221153377
040 ## - CATALOGING SOURCE
Original cataloging agency DLC
Transcribing agency DLC
Modifying agency BTCTA
-- BAKER
-- YDXCP
-- C#P
-- BWX
-- CDX
-- TSU
-- NLGGC
-- UKM
-- DLC
050 00 - LIBRARY OF CONGRESS CALL NUMBER
Classification number HD 45
Item number .In5424 2009
082 00 - DEWEY DECIMAL CLASSIFICATION NUMBER
Classification number 658.4/063
084 ## - OTHER CLASSIFICATION NUMBER
Classification number 85.15
Source of number bcl
245 04 - TITLE STATEMENT
Title The innovator's toolkit :
Remainder of title 10 practical strategies to help you develop and implement innovation /
260 ## - PUBLICATION, DISTRIBUTION, ETC. (IMPRINT)
Place of publication, distribution, etc Boston, Mass. :
Name of publisher, distributor, etc Harvard Business Press,
Date of publication, distribution, etc c2009.
300 ## - PHYSICAL DESCRIPTION
Extent xxi, 272 pages :
Other physical details illustrations ;
Dimensions 24 cm.
490 1# - SERIES STATEMENT
Series statement Harvard business essentials
504 ## - BIBLIOGRAPHY, ETC. NOTE
Bibliography, etc Includes bibliographical references (p. 241-247) and index.
505 0# - FORMATTED CONTENTS NOTE
Formatted contents note Types of innovation -- Idea generation -- Recognizing opportunities : innovator as entrepreneur -- From recognition to support -- Early tests of business potential -- Types of strategy -- Strategic moves -- The s-curve : and its strategic lessons -- Finding the future -- Placing strategic bets -- Human creativity -- Working through creative groups -- Toward a creativity-friendly workplace -- Leaders can make a difference.
521 ## - TARGET AUDIENCE NOTE
Target audience note Business Administration
650 #0 - SUBJECT ADDED ENTRY--TOPICAL TERM
Topical term or geographic name as entry element Technological innovations.
650 #0 - SUBJECT ADDED ENTRY--TOPICAL TERM
Topical term or geographic name as entry element Creative ability in business.
710 2# - ADDED ENTRY--CORPORATE NAME
Corporate name or jurisdiction name as entry element Harvard Business School.
Subordinate unit Press.
830 #0 - SERIES ADDED ENTRY--UNIFORM TITLE
Uniform title Harvard business essentials series.
906 ## - LOCAL DATA ELEMENT F, LDF (RLIN)
a 7
b cbc
c orignew
d 1
e ecip
f 20
g y-gencatlg
942 ## - ADDED ENTRY ELEMENTS (KOHA)
Source of classification or shelving scheme Library of Congress Classification
Koha item type Books
Call number prefix Foreign
Holdings
Withdrawn status Lost status Source of classification or shelving scheme Damaged status Home library Current library Shelving location Date acquired Source of acquisition Total Checkouts Total Renewals Full call number Barcode Date last seen Date checked out Price effective from Koha item type
    Library of Congress Classification   College Library College Library General Circulation Section 09/26/2014 Library Fund 1 1 HD 45 .In5424 2009 C18681 09/29/2025 07/30/2025 09/26/2014 Books

The innovator's toolkit :

APA

Harvard Business School, . (2009). The innovator's toolkit. Boston, Mass: Harvard Business Press.

Chicago

Harvard Business School, . 2009. The innovator's toolkit. Boston, Mass: Harvard Business Press.

Harvard

Harvard Business School, . (2009). The innovator's toolkit. Boston, Mass: Harvard Business Press.

MLA

Harvard Business School, . The innovator's toolkit. Boston, Mass: Harvard Business Press. 2009.

  • Place hold
  • Print
  • Cite
  • Add to your cart (remove)
  • Save record
    BIBTEX Dublin Core MARCXML MARC (non-Unicode/MARC-8) MARC (Unicode/UTF-8) MARC (Unicode/UTF-8, Standard) MODS (XML) RIS
  • More searches
    Search for this title in:
    Other Libraries (WorldCat) Other Databases (Google Scholar) Online Stores (Bookfinder.com) Open Library (openlibrary.org)

Exporting to Dublin Core...

SOUTHVILLE LIBRARY

Southville International School and Colleges Library

1281 Tropical Ave. Cor. Luxembourg St., BF Homes International, Las Pinas City

Tel. No. 8256374 / 252358 Loc. 117/146

Powered by Koha